Estudio de viabilidad para la declaratoria de un corredor de conservación de las selvas húmedas del Pacífico colombiano (Registro nro. 966)

Detalles MARC
000 -CABECERA
Campo de control 01232nam a2200385 a 4500
005 - FECHA Y HORA DE LA ULTIMA TRANSACCION
Campo de control 20200104041517.0
008 - ELEMENTOS DE LONGITUD FIJA—INFORMACION GENERAL
Campo de control 140224b1996 ck ||||| |||| 00| 0 spa d
040 ## - FUENTE DE CATALOGACIÓN
Agencia catalogadora original CO-BoIAVH
Agencia transcriptora CO-BoIAVH
041 ## - IDIOMA
Código de idioma para texto/pista de sonido o título separado Español
044 ## - PAÍS DE PUBLICACIÓN
País de publicación Colombia
090 ## - CLASIFICACIÓN LOCAL
Colección LB
Consecutivo 00954
100 ## - ASIENTO PRINCIPAL--NOMBRE PERSONAL
Nombre personal Negret, Alvaro José
245 ## - MENCION DE TITULO
Título Estudio de viabilidad para la declaratoria de un corredor de conservación de las selvas húmedas del Pacífico colombiano
260 ## - PUBLICACION, DISTRIBUCION, ETC. (PIE DE IMPRENTA)
Lugar de publicación, distribución, etc. Popayán
Nombre del editor, distribuidor, etc. Proyecto Biopacífico
-- Universidad del Cauca
Fecha de publicación, distribución, etc. 1996
300 ## - DESCRIPCION FISICA
Extensión 210 p.
650 #4 - ASIENTO SECUNDARIO DE MATERIA - TERMINO TEMATICO
Término temático o nombre geográfico como elemento de entrada Corredores biológicos
650 #4 - ASIENTO SECUNDARIO DE MATERIA - TERMINO TEMATICO
Término temático o nombre geográfico como elemento de entrada Bosque húmedo tropical
650 #4 - ASIENTO SECUNDARIO DE MATERIA - TERMINO TEMATICO
Término temático o nombre geográfico como elemento de entrada Estudio de factibilidad
650 #4 - ASIENTO SECUNDARIO DE MATERIA - TERMINO TEMATICO
Término temático o nombre geográfico como elemento de entrada Geología
650 #4 - ASIENTO SECUNDARIO DE MATERIA - TERMINO TEMATICO
Término temático o nombre geográfico como elemento de entrada Suelos
650 #4 - ASIENTO SECUNDARIO DE MATERIA - TERMINO TEMATICO
Término temático o nombre geográfico como elemento de entrada Clima
650 #4 - ASIENTO SECUNDARIO DE MATERIA - TERMINO TEMATICO
Término temático o nombre geográfico como elemento de entrada vegetación
650 #4 - ASIENTO SECUNDARIO DE MATERIA - TERMINO TEMATICO
Término temático o nombre geográfico como elemento de entrada Fauna
650 #4 - ASIENTO SECUNDARIO DE MATERIA - TERMINO TEMATICO
Término temático o nombre geográfico como elemento de entrada Impacto humano
662 ## - ASIENTO SECUNDARIO DE MATERIA - JERARQUIA DEL NOMBRE DE LUGAR(
País o entidad mayor Colombia
700 ## - ASIENTO SECUNDARIO - NOMBRE PERSONAL
Nombre personal Ortega, Luis Alfonso
700 ## - ASIENTO SECUNDARIO - NOMBRE PERSONAL
Nombre personal Cortes, Alex
700 ## - ASIENTO SECUNDARIO - NOMBRE PERSONAL
Nombre personal Cataño, Luz Stella
700 ## - ASIENTO SECUNDARIO - NOMBRE PERSONAL
Nombre personal Torres, María Patricia
700 ## - ASIENTO SECUNDARIO - NOMBRE PERSONAL
Nombre personal López, Pedro E.
700 ## - ASIENTO SECUNDARIO - NOMBRE PERSONAL
Nombre personal Pinilla, Nelson
700 ## - ASIENTO SECUNDARIO - NOMBRE PERSONAL
Nombre personal Prado, Marta Lucía
700 ## - ASIENTO SECUNDARIO - NOMBRE PERSONAL
Nombre personal Vergara, Hernando
942 ## - ELEMENTOS ADICIONALES (KOHA)
Tipo de ítem Informe Técnico
Sistema de clasificación Local
Existencias
Withdrawn status Lost status Sistema de Clasificación Damaged status No para préstamo Colección Inventariado Ubicación Permanente Ubicación actual Fecha de adquisición Total Checkouts Número topográfico Inventario / Código de Barras Date last seen Ejemplar Price effective from Forma de adquisición Tipo de material
    Local     General Inventariado 2017 Bogotá Bogotá 14/12/2001   LB-00954 001339 04/12/2012 Ej. 2 04/12/2012   Informe Técnico